[Event "Moscow-ch op sf"]
[Site "Moscow"]
[Date "2007.03.21"]
[Round "8"]
[White "Titievsky, Vladimir"]
[Black "Rodionov, Ivan"]
[Result "1-0"]
[WhiteElo "2184"]
[BlackElo "2043"]
[PlyCount "89"]
[EventDate "2007.03.05"]
[EventType "swiss"]
[EventRounds "9"]
[EventCountry "RUS"]
[SourceTitle "EXT 2022"]
[Source "ChessBase"]
[SourceDate "2021.10.06"]
[SourceVersion "1"]
[SourceVersionDate "2021.10.06"]
[SourceQuality "1"]

1. d4 Nf6 2. c4 e6 3. g3 d5 4. Nf3 Bb4+ 5. Bd2 Bxd2+ 6. Nbxd2 0-0 7. Bg2 Nbd7 8. 0-0 b6 9. cxd5 exd5 10. Rc1 Bb7 11. b4 Rc8 12. b5 Re8 13. e3 a6 14. a4 axb5 15. axb5 c6 16. bxc6 Bxc6 17. Bh3 Bb5 18. Re1 Rxc1 19. Qxc1 Qb8 20. Qb1 Ba6 21. Ng5 g6 22. e4 h6 23. Nxf7 Kxf7 24. e5 Kg7 25. exf6+ Nxf6 26. Rxe8 Nxe8 27. Qa2 Bb7 28. Qa4 Nf6 29. Qb4 Qd8 30. Nf3 Ne4 31. Ne5 Qc7 32. Qb1 Ba6 33. Bg2 Qc3 34. Bxe4 dxe4 35. Nxg6 Kxg6 36. Qxb6+ Kg5 37. Qxa6 Qxd4 38. h4+ Kh5 39. Qe6 Qd1+ 40. Kh2 Qg4 41. Qf7+ Qg6 42. Qxg6+ Kxg6 43. g4 Kf6 44. Kg3 Ke5 45. h5 1-0